| 000 | 00522nam a22002057a 4500 | ||
|---|---|---|---|
| 003 | LK-CoDNM | ||
| 005 | 20250228141126.0 | ||
| 008 | 250224b |||||||| |||| 00| 0 eng d | ||
| 040 |
_aLK-CoDNM _dLK-CoDNM _eLK-CoDNM |
||
| 041 | _aeng | ||
| 080 |
_aRC _b600 |
||
| 100 | _aYadav, Nirmala | ||
| 245 | _aGanesa in Indian Art and Literature | ||
| 260 |
_aJaipur _bPublication Scheme _c1997 |
||
| 300 | _a372p. , Ill, ; 29cm | ||
| 650 | _aCivilization | ||
| 650 | _aSri Lanka | ||
| 650 | _aHistory | ||
| 942 | _cBK | ||
| 999 |
_c238572 _d238572 |
||